000 00362nam a2200157Ia 4500
100 _aTheraja/B.L
650 _aElectrical Engineering
490 _vII
942 _cBK
654 _aElectrical Technology
245 _aText book of Electrical technology
260 _bNiraj Const.
_aNew Delhi
_c1986
082 _a621.3
300 _a571
546 _aENGLISH
999 _c26700
_d26700